Normal view MARC view
  • Delft Centre for Sustainable Urban Areas.

Entry Corporate Name

Number of records used in: 1

001 - CONTROL NUMBER

  • control field: 24582

003 - CONTROL NUMBER IDENTIFIER

  • control field: NUST

005 - DATE AND TIME OF LATEST TRANSACTION

  • control field: 20191023105155.0

008 - FIXED-LENGTH DATA ELEMENTS

  • fixed length control field: 191023|| aca||aabn | a|a d

040 ## - CATALOGING SOURCE

  • Original cataloging agency: NUST
  • Transcribing agency: NUST

110 ## - HEADING--CORPORATE NAME

  • Corporate name or jurisdiction name as entry element: Delft Centre for Sustainable Urban Areas.

670 ## - SOURCE DATA FOUND

  • Source citation: Work cat.: (NUST)0: Trip, J. J. 24578, What makes a city? :, 2007.
© 2023 Central Library, National University of Sciences and Technology. All Rights Reserved.